000 01215nam a2200253Ia 4500
003 Ost
005 20260507075252.0
008 260507s9999||||xx |||||||||||||| ||und||
020 _a4065299619
040 _cfsecg
041 _aara
082 _a330
100 _aيحة، عيسى
_eمؤلف
245 0 _aتسيير الانتاج و ادارة العمليات الانتاجية و التخزين :
_bمقاربة نظامية /
_c عيسى يحة
260 _aالجزائر:
_bدار الخلدونية,
_c2010
300 _a127 صفحة؛
_bإيضاحات ؛
_c24 سم
504 _aاشكال ص.123
520 _aوظيفة الإنتاج-أنواع الإنتاج- طريقة الإنتاج اللحظي- نظام المجموعات التكنولوجية- خدمات التخطيط- البرمجة الخطية- نظام متعدد القنوات- مراقبة النوعية- محددات الجودة- خرائط المراقبة على المنتجات التي لا يمكن قياسها- الجودة الشاملة.
653 _aإدارة الإنتاج
653 _aالبرمجيات
653 _aالتخزين
653 _aتكنولوجيا- انتاج
942 _cكتاب
999 _c43708
_d43708